000 02351cam a2200421 i 4500
999 _c5857
_d5857
001 (Sirsi) a1163273
003 OSt
005 20251119090405.0
008 220301t20192019enka c 000 1 eng d
020 _a9781406385182
_q(paperback)
040 _aAU@
_beng
_cAU@
_dOCLCO
_dNZAUC
_dOCLCF
_dAUHCL
_dAUMCS
_dSINLB
_dOCL
_dOCLCA
_dOCLCQ
_dOCLCO
_dYDX
_dOCLCO
_dOCL
_dOCLCO
_dTAE
_dKH8
_erda
042 _anbic
082 _aFIC ORT
100 1 _aOrton, Katharine,
_eauthor.
245 1 0 _aNevertell /
_cKatharine Orton.
246 3 _aNever tell.
264 1 _aLondon :
_bWalker Books,
_c2019.
264 4 _c©2019.
300 _a377 pages :
_billustrations ;
_c20 cm.
336 _atext
_btxt
_2rdacontent.
336 _astill image
_bsti
_2rdacontent.
337 _aunmediated
_bn
_2rdamedia.
338 _avolume
_bnc
_2rdacarrier.
500 _a"A world of magic is only a whisper away..."--Cover.
520 _aAll that eleven-year-old Lina knows of the world is the Stalinist labor camp where she was born, a place of hunger, cruelty, and deprivation. After a daring escape into the frigid Siberian wilds with her best friend, Bogdan, Lina vows to reach Moscow and find her long-lost grandmother, whom she hopes will help her return to the camp to rescue her mother. But out in the dark forests and haunted tundras, Lina and Bogdan catch the eye of a vengeful witch, a refugee of oppressive new laws about magic, who commands an army of shadow wolves. She seems drawn to some mysterious power within Lina herself. Pursued by the witch and in fear of recapture, Lina will need every ounce of courage she has - and a whisper of her own magic - if she and Bogdan are to survive the journey and bring hope to a dark place. An enthralling debut that weaves Russian fairy tales through fast-paced adventure.
521 1 _aAges 9-12.
650 0 _aWitches
_vJuvenile fiction.
650 0 _aEscaped prisoners
_vJuvenile fiction.
650 0 _aWolves
_vJuvenile fiction.
650 0 _aMagic
_vJuvenile fiction.
650 0 _aBest friends
_vJuvenile fiction.
650 0 _aQuests (Expeditions)
_vJuvenile fiction.
650 0 _aCourage
_vJuvenile fiction.
650 0 _aLabor camps
_zRussia (Federation)
_zSiberia
_vJuvenile fiction.
651 0 _aRussia (Federation)
_vJuvenile fiction.
651 0 _aSiberia (Russia)
_vJuvenile fiction.
942 _2ddc
_cFIC